Statistics for 250 Most Streamed HipHop Songs on Spotify

Click here to take the quiz!

General Stats

  • This quiz has been taken 36 times
  • The average score is 53 of 250

Answer Stats

Artist(s)StreamsSong% Correct
Post Malone, 21 Savage2,915,734,379rockstar
76%
DaBaby, Roddy Ricch1,621,161,160ROCKSTAR
76%
Travis Scott, Drake2,090,974,041SICKO MODE
74%
Post Malone, Swae Lee3,250,210,864Sunflower
74%
Kendrick Lamar, Zacari1,285,982,609LOVE. FEAT. ZACARI.
71%
Juice WRLD2,497,274,942Lucid Dreams
71%
Tyler, The Creator, Kali Uchis1,487,078,992See You Again
71%
Wiz Khalifa, Charlie Puth1,838,322,396See You Again
71%
Drake, Kyla, Wizkid3,086,046,815One Dance
68%
Lil Nas X997,523,898Old Town Road
65%
Lil Nas X, Bill Ray Cyrus1,512,372,010Old Town Road
65%
XXXTENTACION2,186,092,895SAD!
65%
Drake2,480,142,471God's Plan
62%
Travis Scott, Kendrick Lamar2,306,233,503goosebumps
62%
Kendrick Lamar2,151,172,739HUMBLE.
62%
Roddy Ricch1,859,750,841The Box
62%
Eminem2,124,364,467Lose Yourself
59%
Lil Uzi Vert2,079,183,048XO Tour Llif3
59%
The Kid LAROI, Justin Bieber3,016,856,332STAY
56%
Eminem2,050,008,486Without Me
53%
Post Malone, Quavo1,945,752,886Congratulations
50%
J. Cole2,154,106,977No Role Modelz
50%
Eminem, Dido1,082,297,469Stan
50%
XXXTENTACION2,144,372,224Jocelyn Flores
47%
JAY-Z, Kanye West1,393,437,511Ni**as In Paris
47%
Eminem1,725,217,229The Real Slim Shady
47%
XXXTENTACION, Trippie Redd1,553,321,949Fuck Love
44%
Lil Nas X, Jack Harlow1,982,049,701INDUSTRY BABY
44%
XXXTENTACION1,396,151,333Look At Me!
44%
XXXTENTACION1,836,924,106Moonlight
44%
Kendrick Lamar, SZA1,545,331,832All The Stars
41%
Macklemore, Ryan Lewis, Ray Dalton2,299,131,292Can't Hold Us
41%
Kanye West, Jamie Foxx1,107,560,927Gold Digger
41%
24kGoldn, iann dior1,825,240,047Mood
41%
Eminem1,057,930,750Rap God
41%
50 Cent, Olivia920,232,528Candy Shop
38%
Pop Smoke1,043,141,814Dior
38%
JAY-Z, Alicia Keys976,229,484Empire State Of Mind
38%
Coolio, L.V.1,607,722,405Gangsta's Paradise
38%
Eminem, Juice WRLD1,406,120,897Godzilla
38%
50 Cent1,440,806,912In Da Club
38%
Eminem, Rihanna1,470,990,340Love The Way You Lie
38%
Eminem, Rihanna999,251,382The Monster
38%
French Montana, Swae Lee1,969,648,680Unforgettable
38%
Post Malone2,411,062,178Circles
35%
J. Cole1,254,109,940MIDDLE CHILD
35%
Eminem1,595,597,887Mockingbird
35%
Kanye West1,366,657,973Stronger
35%
Post Malone1,116,570,637White Iverson
35%
Juice WRLD1,567,794,944All Girls Are The Same
32%
21 Savage, J. Cole924,021,907a lot
32%
The Notorious B.I.G.989,121,994Big Poppa
32%
Juice WRLD1,282,701,026Robbery
32%
Dr. Dre, Snoop Dogg1,378,905,180Still D.R.E.
32%
Kodak Black, Travis Scott, Offset1,051,669,395ZEZE
32%
Travis Scott1,313,796,967BUTTERFLY EFFECT
29%
Kendrick Lamar1,118,908,797DNA.
29%
Travis Scott1,567,249,083HIGHEST IN THE ROOM
29%
Drake1,312,518,689Hotline Bling
29%
Ice Cube1,080,800,805It Was A Good Day
29%
Kendrick Lamar, Jay Rock1,394,247,461Money Trees
29%
JAY-Z, Linkin Park977,242,758Numb / Encore
29%
Desiigner1,171,003,610Panda
29%
Eminem, Nate Dogg1,905,374,567Till I Collapse
29%
Rihanna, JAY-Z1,473,062,660Umbrella
29%
J. Cole1,204,051,617Wet Dreamz
29%
Metro Boomin, 21 Savage, The Weeknd1,270,336,381Creepin'
26%
Lil Peep, XXXTENTACION1,114,859,450Falling Down
26%
Kanye West1,236,840,799Heartless
26%
Outkast1,280,622,627Hey Ya!
26%
The Notorious B.I.G.1,098,620,587Hypnotize
26%
Internet Money, Gunna, Don Toliver, NAV1,300,095,926Lemonade
26%
Lil Nas X1,872,213,217MONTERO
26%
Outkast1,019,637,234Ms. Jackson
26%
Childish Gambino1,574,896,911Redbone
26%
Eminem, Dina Rae871,379,430Superman
26%
Rihanna, Drake1,369,388,103Work
26%
Lil Uzi Vert964,286,32220 Min
24%
Migos, Lil Uzi Vert926,430,172Bad and Boujee
24%
Post Malone1,921,225,458Better Now
24%
Lil Mosey1,271,848,263Blueberry Faygo
24%
Drake1,375,678,643In My Feelings
24%
Doja Cat, SZA1,767,305,212Kiss Me More
24%
Future1,548,363,841Mask Off
24%
Sheck Wes1,036,097,432Mo Bamba
24%
Drake1,575,787,621Passionfruit
24%
Lil Tecca1,315,100,846Ransom
24%
Polo G900,358,226RAPSTAR
24%
XXXTENTACION1,272,440,166Revenge
24%
Fetty Wap1,151,846,574Trap Queen
24%
Cardi B, Megan Thee Stallion1,301,084,518WAP
24%
Post Malone1,644,035,081Wow.
24%
21 Savage1,134,912,920Bank Account
21%
Kanye West907,739,467Bound 2
21%
Lil Baby, Gunna1,445,953,165Drip Too Hard
21%
Tyler, The Creator918,060,482EARFQUAKE
21%
Daft Punk, Pharrell Williams, Nile Rodgers1,047,810,459Get Lucky
21%
XXXTENTACION1,388,786,444Hope
21%
NF1,445,563,625Let You Down
21%
Playboi Carti807,952,397Magnolia
21%
Eminem984,176,449Not Afraid
21%
Post Malone, Ty Dolla $ign1,499,994,525Psycho
21%
SAINt JHN, Imanbek1,897,794,559Roses
21%
Nicki Minaj1,078,195,104Starships
21%
Tyga, Offset1,334,731,905Taste
21%
Dr. Dre, Snoop Dogg973,018,634The Next Episode
21%
Macklemore, Ryan Lewis, Wanz1,181,083,510Thrift Shop
21%
Cardi B882,807,622Bodak Yellow
18%
Kanye West1,036,547,607Father Stretch My Hands Pt. 1
18%
Post Malone, Young Thug1,242,079,409Goodbyes
18%
Cardi B, Bad Bunny, J Balvin1,601,093,052I Like It
18%
Drake, 21 Savage919,769,169Jimmy Cooks
18%
Future, Drake1,216,776,572Life Is Good
18%
Flo Rida, T-Pain1,018,223,283Low
18%
Bad Bunny, Drake1,296,406,201MIA
18%
YNW Melly1,033,845,192Murder on My Mind
18%
Drake1,254,011,858Nice For What
18%
Doja Cat969,381,055Paint The Town Red
18%
Metro Boomin, Offset1,445,095,653Ric Flair Drip
18%
Akon, Eminem955,453,856Smack That
18%
Flo Rida788,630,450Whistle
18%
USHER, Lil Jon, Ludacris1,245,323,338Yeah!
18%
Snoop Dogg, Wiz Khalifa, Bruno Mars1,394,079,462Young, Wild & Free
18%
Childish Gambino798,949,5733005
15%
Juice WRLD909,297,309Bandit
15%
Jessie J, Ariana Grande, Nicki Minaj1,309,075,833Bang Bang
15%
XXXTENTACION1,347,262,681changes
15%
Juice WRLD, Marshmello939,646,487Come & Go
15%
Beyoncé, JAY-Z1,139,316,371Crazy In Love
15%
Imagine Dragons, League of Legends,
Arcane, JID
1,449,320,587Enemy
15%
A$AP Rocky, Drake, 2 Chainz, Kendrick Lamar784,665,467F**kin' Problems
15%
Pop Smoke, DaBaby, Lil Baby1,100,491,715For The Night
15%
The Script, will.i.am1,371,728,085Hall of Fame
15%
DJ Khaled, Justin Bieber, Quavo,
Chance The Rapper, Lil Wayne
1,242,021,504I'm The One
15%
J Balvin, Bad Bunny1,644,541,334LA CANCIÓN
15%
Myke Towers865,000,142LALA
15%
Y2K, bbno$958,422,225Lalala
15%
Drake1,098,592,533Nonstop
15%
Polo G, Lil Tjay841,769,292Pop Out
15%
Arizona Zervas1,459,183,446ROXANNE
15%
Lil Peep1,142,349,337Star Shopping
15%
Nicki Minaj823,113,949Super Bass
15%
Pop Smoke1,099,687,607What You Know Bout Love
15%
Juice WRLD881,994,951Wishing Well
15%
Lil Baby, Drake1,080,790,092Yes Indeed
15%
Mustard, Roddy Ricch892,102,491Ballin'
12%
PinkPantheress, Ice Spice821,269,566Boy's a liar Pt. 2
12%
A Boogie Wit da Hoodie, Kodak Black893,125,341Drowning
12%
Rihanna, Kanye West, Paul McCartney1,109,947,956FourFiveSeconds
12%
Pitbull, AFROJACK, Ne-Yo, Nayer1,079,397,327Give Me Everything
12%
Drake, Majid Jordan966,816,062Hold On, We're Going Home
12%
Post Malone1,616,512,142I Fall Apart
12%
Black Eyed Peas1,363,431,528I Gotta Feeling
12%
Post Malone, Doja Cat795,406,264I Like You
12%
BlocBoy JB, Drake974,379,172Look Alive
12%
Future, The Weeknd860,891,464Low Life
12%
G-Eazy, Bebe Rexha1,255,232,997Me, Myself & I
12%
Bad Bunny, Chencho Corleone1,747,938,238Me Porto Bonito
12%
Drake, Rick Ross953,386,154Money In The Grave
12%
A$AP Rocky, Skepta1,185,463,256Praise The Lord
12%
Calvin Harris, Migos, Frank Ocean, Funk Wav1,017,799,189Slide
12%
Metro Boomin, Gunna885,764,576Space Cadet
12%
Lil Wayne, Wiz Khalifa, Imagine Dragons,
X Ambassadors, Logic, Ty Dolla $ign
1,112,880,559Sucker for Pain
12%
DJ Snake, Ozuna, Cardi B, Selena Gomez1,547,949,199Taki Taki
12%
Pitbull, Kesha1,410,188,085Timber
12%
Doja Cat1,544,593,514Woman
12%
Doja Cat, The Weeknd805,507,953You Right
12%
Logic, Alessia Cara,Khalid1,318,006,6941-800-273-8255
9%
Fetty Wap, Remy Boyz785,779,413679
9%
Rae Sremmurd, Gucci Mane957,563,199Black Beatles
9%
Post Malone1,016,012,466Candy Paint
9%
Anuel AA, Daddy Yankee, KAROL G,
J Balvin, Ozuna
1,160,565,674China
9%
Don Omar, Lucenzo1,564,128,831Danza Kuduro
9%
Kid Cudi813,422,306Day N Nite
9%
XXXTENTACION1,546,578,352Everybody Dies In Their Nightmares
9%
Drake959,093,362Fake Love
9%
Jack Harlow799,020,412First Class
9%
Post Malone1,012,229,172Go Flex
9%
Meek Mill, Drake1,164,078,661Going Bad
9%
G-Eazy, Halsey924,431,349Him & I
9%
KYLE, Lil Yachty949,343,808iSpy
9%
Polo G843,930,974Martin & Gina
9%
J Balvin, Willy William1,449,872,379Mi Gente
9%
Flo Rida1,045,012,938My House
9%
Don Toliver890,158,432No Idea
9%
Kanye West915,516,673POWER
9%
Eminem, Ed Sheeran819,294,995River
9%
Doja Cat1,181,566,302Say So
9%
Liam Payne, Quavo989,895,191Strip That Down
9%
Jason Derulo, Nicki Minaj, Ty Dolla $ign1,104,538,136Swalla
9%
Lil Nas X1,037,797,467THATS WHAT I WANT
9%
Pitbull, Ne-Yo1,219,593,366Time of Our Lives
9%
Lizzo980,142,986Truth Hurts
9%
KAROL G, Nicki Minaj1,475,775,629Tusa
9%
Gucci Mane, Bruno Mars, Kodak Black963,409,206Wake Up in the Sky
9%
Jack Harlow801,453,168Whats Poppin
9%
Black Eyed Peas964,924,263Where Is The Love?
9%
J. Cole915,949,451Work Out
9%
DaBaby808,027,008BOP
6%
DRAM, Lil Yachty840,142,959Broccoli
6%
Bizarrap, Quevedo1,643,608,974Bzrp Music Sessions Vol. 52
6%
Bad Bunny, Tainy1,416,172,124Callaita
6%
Rob $tone, J. Davi$, J Spooks828,856,302Chill Bill
6%
Drake803,987,506Controlla
6%
Bad Bunny, Jhay Cortez1,933,381,584DÁKITI
6%
Powfu1,621,780,848death bed
6%
Bad Bunny1,249,917,297Efecto
6%
Drake, Future812,818,175Jumpman
6%
Drake, Lil Durk945,049,125Laugh Now Cry Later
6%
Juice WRLD856,889,747Lean Wit Me
6%
Major Lazer, Nyla, Fuse ODG1,260,277,944Light It Up
6%
Jhayco, Bad Bunny, J Balvin1,333,710,137No Me Conoce
6%
Ty Dolla $ign, The Weekend, Wiz Khalifa, Mustard918,553,533Or Nah
6%
Justin Timberlake, Timbaland826,917,728SexyBack
6%
David Guetta, Akon857,636,098Sexy Bitch
6%
XXXTENTACION944,136,776the remedy for a broken heart
6%
Lil Uzi Vert941,720,029The Way Life Goes
6%
Drake, Rihanna1,038,216,455Too Good
6%
Chris Brown1,184,956,267Under The Influence
6%
Grupo Frontera, Bad Bunny948,172,665un x100to
6%
Flo Rida, SIA846,908,746Wild Ones
6%
The Kid LAROI913,879,456WITHOUT YOU
6%
Lizzo829,429,179About Damn Time
3%
Doja Cat859,374,586Boss Bitch
3%
The Script819,571,140Breakeven
3%
MKTO1,297,983,803Classic
3%
Macklemore, Skylar Grey876,191,472Glorious
3%
Yng Lvcas, Peso Pluma966,357,424La Bebe
3%
Bad Bunny, Rosalía970,394,359LA NOCHE DE ANOCHE
3%
DJ Snake, J Balvin, Tyga809,780,308Loco Contigo
3%
Tainy, Bad Bunny, Julieta Venegas888,539,378Lo Siento BB
3%
Bad Bunny1,064,368,621Moscow Mule
3%
J Balvin, Maria Becerra794,418,015Qué Más Pues?
3%
Bad Bunny, Jowell & Randy, Ñengo Flow853,463,266Safaera
3%
A Boogie Wit da Hoodie, 6ix9ine805,904,006Swervin
3%
Drake1,045,978,695Toosie Slide
3%
J Balvin, Dua Lipa, Bad Bunny, Tainy816,492,626Un Día
3%
Bad Bunny976,162,089Vete
3%
Plan B840,588,747Es un Secreto
0%
Bad Bunny, Daddy Yankee881,511,864La Santa
0%
Doja Cat1,155,532,220Need to Know
0%
Bad Bunny803,789,058Neverita
0%
Bad Bunny, Bomba Estéreo1,371,768,264Ojitos Lindos
0%
Black Eyed Peas949,568,032RITMO
0%
Bad Bunny859,681,841Si Estuviésemos Juntos
0%
Bad Bunny799,065,931Si Veo a Tu Mamá
0%
Doja Cat1,017,273,818Streets
0%
Timbaland, Keri Hilson, D.O.E.802,852,516The Way I Are
0%
Bad Bunny1,469,550,801Tití Me Preguntó
0%
Bad Bunny1,377,285,137Yonaguni
0%

Score Distribution

Percentile by Number Answered

Percent of People with Each Score

Your Score History

You have not taken this quiz